<?xml version="1.0" encoding="UTF-8"?>
<collection xmlns="http://www.loc.gov/MARC21/slim">
 <record>
  <leader>00750cam a2200217 7i4500</leader>
  <controlfield tag="001">0000124310</controlfield>
  <controlfield tag="005">20160310090000.0</controlfield>
  <controlfield tag="008">150908s2013    -uk                 eng   </controlfield>
  <datafield tag="020" ind1="#" ind2="0">
   <subfield code="a">0674088263 </subfield>
  </datafield>
  <datafield tag="020" ind1="#" ind2="0">
   <subfield code="a">9780674088269 </subfield>
  </datafield>
  <datafield tag="090" ind1="0" ind2="0">
   <subfield code="a">HQ 1170 </subfield>
   <subfield code="b">.A3 2013</subfield>
  </datafield>
  <datafield tag="100" ind1="1" ind2="#">
   <subfield code="a">Abu-Lughod, Lila </subfield>
  </datafield>
  <datafield tag="245" ind1="1" ind2="0">
   <subfield code="a">Do muslim women need saving  </subfield>
   <subfield code="c">Lila Abu-Lughod.</subfield>
  </datafield>
  <datafield tag="260" ind1="#" ind2="#">
   <subfield code="a">S.l.]: </subfield>
   <subfield code="b">Harvard University Press, </subfield>
   <subfield code="c">2015.</subfield>
  </datafield>
  <datafield tag="300" ind1="#" ind2="#">
   <subfield code="a">324 pages; </subfield>
   <subfield code="c">22 cm..</subfield>
  </datafield>
  <datafield tag="504" ind1="0" ind2="0">
   <subfield code="a">Includes bibliographical references and index</subfield>
  </datafield>
  <datafield tag="590" ind1="#" ind2="#">
   <subfield code="a">Perpuatakaan Sultanah Nur Zahirah</subfield>
  </datafield>
  <datafield tag="650" ind1="0" ind2="0">
   <subfield code="a">Muslim women -- </subfield>
   <subfield code="x">Civil rights </subfield>
  </datafield>
  <datafield tag="650" ind1="0" ind2="0">
   <subfield code="a">Women's rights -- </subfield>
   <subfield code="z">Islamic countries </subfield>
  </datafield>
  <datafield tag="650" ind1="0" ind2="0">
   <subfield code="a">Muslim women -- </subfield>
   <subfield code="x">Social conditions </subfield>
  </datafield>
  <datafield tag="999" ind1=" " ind2=" ">
   <subfield code="a">1100095512</subfield>
   <subfield code="b">Book</subfield>
   <subfield code="c">Open Shelf</subfield>
   <subfield code="e">KOLEKSI TERBUKA</subfield>
  </datafield>
 </record>
</collection>
